[Event "Bogota Navidad op"]
[Site "Bogota"]
[Date "2016.12.11"]
[Round "8"]
[White "Sedano Acero, Juan Sebastian"]
[Black "Gomez, Maria Helena"]
[Result "0-1"]
[WhiteElo "1515"]
[BlackElo "1837"]
[PlyCount "48"]
[EventDate "2016.12.07"]
[EventType "swiss"]
[EventRounds "9"]
[EventCountry "COL"]
[SourceTitle "CBM 176 Extra"]
[Source "ChessBase"]
[SourceDate "2017.03.02"]
[SourceVersion "1"]
[SourceVersionDate "2017.03.02"]
[SourceQuality "1"]

1. e4 e5 2. Nf3 Nc6 3. Nc3 Bc5 4. Bc4 Nf6 5. 0-0 d6 6. d3 h6 7. Bd2 Bg4 8. h3 Bh5 9. g4 Bg6 10. Nh4 Bh7 11. a3 Nxe4 12. Nxe4 Bxe4 13. Nf5 Bxf5 14. gxf5 Qd7 15. Qg4 0-0-0 16. f6 Qxg4+ 17. hxg4 gxf6 18. Bxf7 Nd4 19. Rad1 Nxc2 20. Be6+ Kb8 21. b4 Bb6 22. a4 a6 23. Rb1 Nd4 24. Be3 Nxe6 0-1

[Event "Bogota Distrital-ch 78th"]
[Site "Bogota"]
[Date "2016.04.10"]
[Round "5"]
[White "Fraile Vela, Maria Isabel"]
[Black "Sedano Acero, Juan Sebastian"]
[Result "1-0"]
[WhiteElo "1594"]
[BlackElo "1577"]
[PlyCount "37"]
[EventDate "2016.04.08"]
[EventType "swiss"]
[EventRounds "6"]
[EventCountry "COL"]
[SourceTitle "CBM 172 Extra"]
[Source "ChessBase"]
[SourceDate "2016.06.21"]
[SourceVersion "1"]
[SourceVersionDate "2016.06.21"]
[SourceQuality "1"]

1. e4 e5 2. Nf3 d6 3. Nc3 Nc6 4. Bb5 Bd7 5. d4 exd4 6. Nxd4 Nxd4 7. Bxd7+ Qxd7 8. Qxd4 Nf6 9. f3 Be7 10. Be3 c5 11. Qd2 Qc6 12. Rd1 0-0 13. 0-0 Rad8 14. Bg5 b5 15. Bxf6 Bxf6 16. Nd5 Bd4+ 17. Qxd4 cxd4 18. Ne7+ Kh8 19. Nxc6 1-0